Pracujeme za viac ?
Mzdy sa v roku 2004 zvýšili v priemere o 8,3 percenta. Podiely platov na marketingových pozíciách. Vývoj a prognóza zvyšovania miezd. Najsilnejšia je Bratislava. Platy sa upravujú raz do roka. Výsledky prieskumu platov - PayWell 2004.
Salvato in:
| Autore principale: | |
|---|---|
| Natura: | Capitolo di libro |
| Lingua: | slovacco |
| Soggetti: | |
| Tags: |
Nessun Tag, puoi essere il primo ad aggiungerne!!
|
MARC
| LEADER | 00000naa$a2200000$$$4500 | ||
|---|---|---|---|
| 001 | 0022770 | ||
| 005 | 20231004064953.8 | ||
| 041 | 0 | |a slo | |
| 044 | |a SK | ||
| 245 | 1 | 0 | |a Pracujeme za viac ? |c Renata Môciková |
| 520 | |a Mzdy sa v roku 2004 zvýšili v priemere o 8,3 percenta. Podiely platov na marketingových pozíciách. Vývoj a prognóza zvyšovania miezd. Najsilnejšia je Bratislava. Platy sa upravujú raz do roka. Výsledky prieskumu platov - PayWell 2004. | ||
| 610 | 2 | 0 | |a mzdy |
| 610 | 2 | 0 | |a Slovensko |
| 610 | 2 | 0 | |a 2004 |
| 100 | 1 | |a Môciková, Renata | |